Statistiques concernant La Turquie pour les touristes... - Facile

Cliquez ici pour prendre le quiz!

Statistiques générales

  • Ce quiz a été pris 274 fois
    (234 depuis la dernière actualisation)
  • Le résultat moyen est 12 sur 20

Statistiques - réponses

QuestionIndiceRéponsesIndice facile% Correct
Quelle est la langue officielle ?Turc
100%
Quelles sont les principales villes touristiques ?AAnkaraANARAK
86%
Quelles sont les principales villes touristiques ?AAntalyaLAYANTA
80%
Dans la capitale y-a-t-il un décalage horaire avec Paris ? (oui/non)Oui
79%
Quelle autre langue est parlée ?AAnglais
77%
Quelles sont les principales villes touristiques ?IIstanbul
77%
La conduite se fait à droite ou à gauche ?Droite
76%
Quelles sont les principales villes touristiques ?BBodrumMORDUB
73%
Quels sites peut-on visiter ?CRégion de {Cappadoce}DECAPACOP
62%
Quelles sont les principales villes touristiques ?CCesmeMECSE
59%
La vitesse est limitée sur autoroutes à{130} km/h
58%
Achats à faire1/ Pour le solTapisPSAIT
57%
La religion majoritaire estIslamI
56%
Achats à faire4/ DouceursLoukoumsUSKOOUML
43%
Quelle est la monnaie ?Livre turque£
42%
Achats à faire3/ Jeu localTavlaVALTA
41%
Le taux d'alcoolémie toléré au volant est de{0.5} g/l
36%
Le suffixe internet esttr
35%
Quels sites peut-on visiter ?EEphèsePESEHE
22%
Achats à faire2/ Céramique d'IznikKINIZ
21%

Distribution des résultats

Percentile par nombre de réponses

% des personnes avec chaque résultat

Votre développement - résultats

Vous n’avez pas pris ce quiz depuis la dernière actualisation